00756nam a2200241Ia 4500008004000000020001800040041000800058082001600066100002800082245005400110260004600164300001100210650001000221650001700231650000800248650001500256650001600271650000800287690001500295906001100310999001900321952017400340210210b2004 xxu||||| |||| 00| 0 eng d a9780240805399 aeng a070.18 BERD aBERNARD (Sheila Curran) aDocumentary storytelling for video and filmmakers aAmsterdambElsevier and Focal Pressc2004 axi,296 avideo astorytelling afor afilmmakers aDocumentary aand aJournalism a067765 c151600d151600 001040708JournalismaALbALcJournalismd2021-02-17eIntact Bookhouse Pvt. Ltd, Bangalore-560050g1939.32l0o070.18 BERDp067765r2021-02-17 00:00:00w2021-02-17yBK